| 000 | 01123nam a22002657a 4500 | ||
|---|---|---|---|
| 999 |
_c102270 _d102270 |
||
| 005 | 20230720164112.0 | ||
| 010 | _aENG-115969 ENG-137497 | ||
| 020 |
_a9788125062745 _c600.00 |
||
| 020 |
_a9788125062745 _c750.00 |
||
| 035 | _aB-654312-323 | ||
| 035 | _aB-667892 | ||
| 035 | _aEN-99501 EN-121029 | ||
| 037 | _bDBAD/PUB | ||
| 082 | _a301.0954 | ||
| 245 |
_aTowards a new sociology in India / _cedited by Mahuya Bandyopadhyay [and] Ritambhara Hebbar |
||
| 260 |
_c2016 _aNew Delhi _bOrient Blackswan |
||
| 270 |
_a1/24, Asaf Ali Road _bNew Delhi _e110002 |
||
| 300 |
_c23cm(Hb) : _ax,266p. _bill. |
||
| 500 | _aincluds index | ||
| 700 | _aBandyopadhyay,Mahuya | ||
| 700 | _aHebbar, Ritambhara | ||
| 942 |
_cEN _2ddc _h301.0954 _mTOW |
||